[Event "ICS rated blitz match"]
[Site "204.178.125.65"]
[Date "2000.12.22"]
[Round "?"]
[White "Greb"]
[Black "Hossa"]
[Result "0-1"]
[WhiteElo "1998"]
[BlackElo "2598"]
[PlyCount "88"]
[EventDate "2000.??.??"]

1. d4 Nf6 2. Nf3 g6 3. g3 Bg7 4. Bg2 d5 5. O-O O-O 6. b3 c5 7. Bb2 cxd4 8. Bxd4
Nc6 9. Bb2 Bf5 10. Nbd2 Qd7 11. c4 d4 12. Nh4 Bg4 13. Ne4 Nxe4 14. Bxe4 d3 15.
Bxg7 Bxe2 16. Bxf8 Bxd1 17. Rfxd1 Rxf8 18. Rxd3 Qc7 19. Rad1 Ne5 20. Rd5 f5 21.
Bg2 f4 22. Be4 e6 23. Rd6 fxg3 24. hxg3 g5 25. Ng2 Qc5 26. Ne3 Qa5 27. R1d2 Rf7
28. Kg2 h5 29. Rd8+ Kg7 30. R8d6 Kf8 31. Re2 Ke7 32. Rd1 b5 33. c5 Rf8 34. c6
Qc7 35. Rc2 h4 36. a4 hxg3 37. a5 gxf2 38. Rxf2 Rxf2+ 39. Kxf2 Qxa5 40. Kg3 Qc3
41. Kf2 Qxb3 42. Rc1 Qb4 43. c7 Qd2+ 44. Kf1 Qxc1+ {Greb resigns} 0-1

[Event "ICS rated blitz match"]
[Site "204.178.125.65"]
[Date "2000.12.22"]
[Round "?"]
[White "Hossa"]
[Black "QueenMaxima"]
[Result "1-0"]
[WhiteElo "2599"]
[BlackElo "2569"]
[PlyCount "143"]
[EventDate "2000.??.??"]

1. d4 f5 2. Nf3 d6 3. Bf4 Nf6 4. e3 e6 5. Be2 Be7 6. O-O O-O 7. Nbd2 Nc6 8. h3
Nd5 9. Bh2 Bd7 10. c3 Bf6 11. Qb3 Na5 12. Qc2 Kh8 13. Rfd1 a6 14. Bg3 Nc6 15.
Bd3 Nce7 16. a4 Be8 17. a5 Bb5 18. Bxb5 axb5 19. e4 fxe4 20. Qxe4 Qd7 21. Re1
Nf5 22. Qxe6 Qxe6 23. Rxe6 b4 24. c4 Nxg3 25. cxd5 Nh5 26. g3 Bd8 27. Ra4 b5
28. Ra1 Nf6 29. a6 Nxd5 30. Kf1 Ra7 31. Ke2 Be7 32. Nf1 Bd8 33. Ne3 Nb6 34. b3
Ra8 35. g4 Ra7 36. g5 Ra8 37. d5 Nd7 38. Re4 Nc5 39. Rxb4 Ra7 40. Rxb5 Be7 41.
b4 Rxa6 42. Rxa6 Nxa6 43. Rb7 Rc8 44. h4 h6 45. Nd4 hxg5 46. Nc6 Bf6 47. hxg5
Bc3 48. Nc2 Ra8 49. g6 Re8+ 50. Kf1 Rf8 51. Ra7 Nb8 52. Rxc7 Bb2 53. b5 Bf6 54.
Rf7 Rxf7 55. gxf7 Nd7 56. N2d4 g6 57. Nb8 Nf8 58. Ne6 g5 59. b6 Ba1 60. b7 Bc3
61. Nxf8 Kg7 62. Ne6+ Kxf7 63. Nc6 Be5 64. Nxe5+ dxe5 65. Nxg5+ Kg6 66. d6 e4
67. d7 e3 68. d8=Q Kg7 69. Qd6 e2+ 70. Kxe2 Kg8 71. b8=Q+ Kg7 72. Qbf8# {
QueenMaxima checkmated} 1-0

[Event "ICS rated blitz match"]
[Site "204.178.125.65"]
[Date "2000.12.22"]
[Round "?"]
[White "Hossa"]
[Black "WitPaard"]
[Result "1-0"]
[WhiteElo "2619"]
[BlackElo "2311"]
[PlyCount "55"]
[EventDate "2000.??.??"]

1. e4 e5 2. Nf3 Nc6 3. Bb5 f5 4. Nc3 fxe4 5. Nxe4 Nf6 6. Qe2 Qe7 7. O-O d5 8.
Nxf6+ gxf6 9. d4 e4 10. Ne1 Bd7 11. c3 f5 12. Nc2 O-O-O 13. Bf4 h5 14. Ne3 Qf7
15. b4 h4 16. Rfe1 Bh6 17. Bxc6 Bxc6 18. Bxh6 Rxh6 19. a4 Rg8 20. b5 Bd7 21. f4
exf3 22. Qxf3 Be6 23. Qf4 Rh5 24. a5 Qg7 25. b6 cxb6 26. axb6 a6 27. Ra5 Bd7
28. Qc7# {WitPaard checkmated} 1-0

[Event "ICS rated blitz match"]
[Site "204.178.125.65"]
[Date "2000.12.22"]
[Round "?"]
[White "Hossa"]
[Black "Dorky"]
[Result "1-0"]
[WhiteElo "2630"]
[BlackElo "2365"]
[PlyCount "42"]
[EventDate "2000.??.??"]

1. e4 c5 2. c3 d5 3. exd5 Qxd5 4. d4 Nf6 5. Nf3 Bg4 6. Nbd2 cxd4 7. Bc4 Qf5 8.
Qb3 Bxf3 9. Bxf7+ Kd8 10. Nxf3 Qe4+ 11. Kf1 d3 12. Be3 Nbd7 13. Ng5 Qc6 14. Be6
Ne5 15. f4 Neg4 16. Nf7+ Ke8 17. Bd4 Rg8 18. Ne5 Nxe5 19. fxe5 Qxe6 20. Qxe6
Rh8 21. exf6 Kd8 {Dorky resigns} 1-0

[Event "ICS rated blitz match"]
[Site "204.178.125.65"]
[Date "2000.12.22"]
[Round "?"]
[White "Hossa"]
[Black "Kirlian"]
[Result "0-1"]
[WhiteElo "2636"]
[BlackElo "2492"]
[PlyCount "114"]
[EventDate "2000.??.??"]

1. e4 g6 2. d4 Bg7 3. c4 d6 4. Nc3 Nd7 5. Nf3 c5 6. d5 Ngf6 7. Bd3 O-O 8. O-O
e6 9. Nb5 Qe7 10. Bd2 a6 11. Nc7 Rb8 12. Ba5 b6 13. Bc3 e5 14. Qa4 Rb7 15. Qxa6
Rxc7 16. Qa4 Nh5 17. Bd2 h6 18. Qc2 Nf4 19. Bxf4 exf4 20. Qd2 Ne5 21. Nxe5 Bxe5
22. Be2 h5 23. Rfe1 Kg7 24. Qc2 Rh8 25. Qb3 Rb7 26. Qc2 g5 27. Rac1 g4 28. Bf1
Qg5 29. Qd2 h4 30. Ra1 Bd7 31. Red1 Rh6 32. Re1 Rb8 33. Be2 Bd4 34. Bd3 g3 35.
Kh1 gxf2 36. Re2 h3 37. g3 Bg4 38. Rxf2 Bxf2 39. Qxf2 f3 40. Rf1 Qe5 41. Re1
Rf6 42. b3 Qd4 43. Re3 Re8 44. Bb1 Re5 45. Bd3 Qxe3 46. Qxe3 f2 47. Bf1 Bf3+
48. Qxf3 Rxf3 49. Bxh3 Rxe4 50. Bf1 Re1 51. Kg2 Rxf1 52. Kxf1 Kf6 53. h4 Kf5
54. h5 Ke4 55. g4 Ke3 56. Kg2 f1=Q+ 57. Kh2 Rh3# {Hossa checkmated} 0-1

[Event "ICS rated blitz match"]
[Site "204.178.125.65"]
[Date "2000.12.22"]
[Round "?"]
[White "QuarkX"]
[Black "Hossa"]
[Result "1-0"]
[WhiteElo "2368"]
[BlackElo "2614"]
[PlyCount "73"]
[EventDate "2000.??.??"]

1. e4 e6 2. Nf3 d5 3. Nc3 dxe4 4. Nxe4 Nf6 5. Nxf6+ gxf6 6. Be2 e5 7. c3 Rg8 8.
O-O Qd5 9. Qa4+ Bd7 10. Qh4 Bf5 11. d4 Bd3 12. Bxd3 Qxf3 13. Be4 Rxg2+ 14. Kh1
Rxh2+ 15. Kxh2 Qe2 16. Bxb7 Qxf1 17. Bxa8 exd4 18. Bg2 Bd6+ 19. f4 Qd1 20. Qxh7
dxc3 21. Qe4+ Kd8 22. bxc3 Qh5+ 23. Bh3 c5 24. Rb1 f5 25. Qd5 Qe2+ 26. Bg2 Qh5+
27. Kg1 Ke7 28. Ba3 Bxf4 29. Bxc5+ Kf6 30. Qd4+ Kg5 31. Be7+ f6 32. Qxf6+ Kg4
33. Qg7+ Qg5 34. Bxg5 Bh2+ 35. Kxh2 f4 36. Qg6 f3 37. Bh3# {Hossa checkmated}
1-0

[Event "ICS rated blitz match"]
[Site "204.178.125.65"]
[Date "2000.12.22"]
[Round "?"]
[White "Hossa"]
[Black "PostModernist"]
[Result "1-0"]
[WhiteElo "2588"]
[BlackElo "2549"]
[PlyCount "87"]
[EventDate "2000.??.??"]

1. e4 e5 2. Nf3 Nc6 3. Bb5 a6 4. Ba4 d6 5. O-O Nge7 6. c3 Bd7 7. d4 Ng6 8. Bg5
Be7 9. Bxe7 Qxe7 10. d5 Nd8 11. Nbd2 Nf4 12. Bxd7+ Qxd7 13. Nh4 Qb5 14. g3 Ng6
15. Nf5 O-O 16. b3 f6 17. a4 Qc5 18. Nc4 Nf7 19. Nfe3 a5 20. Qg4 Rfe8 21. Rab1
Ng5 22. h4 Nf7 23. Nf5 b5 24. axb5 a4 25. h5 Nfh8 26. hxg6 Nxg6 27. b6 axb3 28.
bxc7 Qxc4 29. Nxd6 Qxc7 30. Nxe8 Rxe8 31. Rxb3 Kh8 32. Rc1 Kg8 33. c4 Kh8 34.
c5 Qf7 35. Qh5 Ra8 36. c6 Qc7 37. Rd3 Qb6 38. c7 Rc8 39. d6 Nf8 40. d7 Nxd7 41.
Rxd7 Qb3 42. Rd8+ Qg8 43. Rxg8+ Kxg8 44. Qf5 {PostModernist resigns} 1-0

[Event "ICS rated blitz match"]
[Site "204.178.125.65"]
[Date "2000.12.22"]
[Round "?"]
[White "PostModernist"]
[Black "Hossa"]
[Result "0-1"]
[WhiteElo "2538"]
[BlackElo "2602"]
[PlyCount "80"]
[EventDate "2000.??.??"]

1. d4 Nf6 2. c4 g6 3. Nc3 Bg7 4. e4 d6 5. f3 O-O 6. Be3 e5 7. d5 Nh5 8. Qd2
Qh4+ 9. Bf2 Qe7 10. g4 Nf4 11. h4 f5 12. gxf5 gxf5 13. O-O-O fxe4 14. fxe4 Bg4
15. Re1 Nd7 16. Be3 a5 17. Be2 Nxe2+ 18. Ngxe2 Bf3 19. Bg5 Qe8 20. Rhg1 Qh5 21.
Bh6 Rf7 22. Bxg7 Rxg7 23. Rxg7+ Kxg7 24. Ng3 Qg4 25. Rg1 Kh8 26. Qh2 Qf4+ 27.
Kb1 Rg8 28. Ka1 Nf6 29. a4 Nxe4 30. Ncxe4 Bxe4 31. b3 Qe3 32. Kb2 c6 33. dxc6
bxc6 34. h5 Rb8 35. Nxe4 Rxb3+ 36. Ka2 Ra3+ 37. Kb1 Qxe4+ 38. Kb2 Qd3 39. Qc2
Ra2+ 40. Kxa2 Qxc2+ {PostModernist resigns} 0-1

[Event "ICS rated blitz match"]
[Site "204.178.125.65"]
[Date "2000.12.22"]
[Round "?"]
[White "ChesterX"]
[Black "Hossa"]
[Result "1/2-1/2"]
[WhiteElo "2644"]
[BlackElo "2615"]
[PlyCount "244"]
[EventDate "2000.??.??"]

1. e4 c6 2. Nf3 d5 3. Nc3 dxe4 4. Nxe4 Nd7 5. Bc4 Nb6 6. Bb3 a5 7. a4 e6 8. d4
Be7 9. O-O Nf6 10. Nxf6+ Bxf6 11. Qd3 Bd7 12. c4 Qc7 13. Qe4 Nc8 14. Bf4 Qb6
15. Qd3 c5 16. Be5 Bxe5 17. dxe5 Ne7 18. Bc2 Bc6 19. Rad1 Nf5 20. Qc3 Bxf3 21.
Qxf3 Nd4 22. Qd3 Qxb2 23. Rd2 O-O-O 24. Rb1 Qa2 25. Qe4 Rd7 26. Rxb7 Rxb7 27.
Qxb7+ Kxb7 28. Be4+ Kc7 29. Rxa2 Rb8 30. f4 h5 31. Kf2 Rb3 32. Ra1 Rc3 33. Rb1
Nc6 34. Rb5 Rxc4 35. Ke3 g5 36. g3 gxf4+ 37. gxf4 h4 38. Kd3 Rd4+ 39. Ke3 Rc4
40. h3 Ne7 41. Rxa5 Kb6 42. Rb5+ Kc7 43. Rb7+ Kd8 44. a5 Rc3+ 45. Kd2 Rxh3 46.
a6 Rh2+ 47. Kc3 Ra2 48. Rb8+ Kd7 49. Bd3 Nd5+ 50. Kb3 Ra5 51. Bb5+ Kc7 52. Rb7+
Kc8 53. Bd7+ Kd8 54. a7 h3 55. Bxe6 fxe6 56. Rb8+ Kd7 57. a8=Q Rxa8 58. Rxa8
c4+ 59. Kc2 Nxf4 60. Kc3 Ng6 61. Kd4 Nh4 62. Rh8 Nf3+ 63. Kxc4 Nxe5+ 64. Kb5
Kd6 65. Rh6 Kd5 66. Rh5 h2 67. Kb4 h1=Q 68. Rxh1 Nc6+ 69. Kb3 e5 70. Rd1+ Kc5
71. Re1 e4 72. Rxe4 Nd4+ 73. Kc3 Nb5+ 74. Kd3 Nd6 75. Re5+ Kc6 76. Kd4 Nb5+ 77.
Kc4 Nd6+ 78. Kd3 Kb6 79. Kd4 Nb5+ 80. Kc4 Nd6+ 81. Kd5 Nb5 82. Re6+ Ka5 83. Kc5
Nc3 84. Re5 Na4+ 85. Kc4+ Ka6 86. Kb4 Nb6 87. Re6 Kb7 88. Kc5 Nd7+ 89. Kd6 Nb8
90. Re1 Na6 91. Rb1+ Kc8 92. Rb3 Nb8 93. Rb4 Nd7 94. Rh4 Nb8 95. Rh7 Na6 96.
Ra7 Nb8 97. Rc7+ Kd8 98. Rg7 Kc8 99. Ra7 Kd8 100. Rc7 Na6 101. Rc3 Nb8 102. Rg3
Kc8 103. Rg7 Na6 104. Rg5 Kb7 105. Rb5+ Kc8 106. Rb2 Nb8 107. Re2 Kb7 108. Re3
Na6 109. Rb3+ Kc8 110. Rb1 Nb8 111. Re1 Kb7 112. Kd5 Nd7 113. Re7 Kc8 114. Rf7
Nb8 115. Kd6 Na6 116. Re7 Kd8 117. Rb7 Kc8 118. Rf7 Nb8 119. Re7 Na6 120. Re6
Nc7 121. Re4 Na6 122. Re5 Kb7 {Game drawn by the 50 move rule} 1/2-1/2

[Event "ICS rated blitz match"]
[Site "204.178.125.65"]
[Date "2000.12.22"]
[Round "?"]
[White "Hossa"]
[Black "ChesterX"]
[Result "0-1"]
[WhiteElo "2616"]
[BlackElo "2645"]
[PlyCount "86"]
[EventDate "2000.??.??"]

1. d4 e6 2. g3 c5 3. dxc5 Bxc5 4. Bg2 Nf6 5. Nf3 d5 6. O-O Nc6 7. Bg5 h6 8. Bf4
Qb6 9. Nc3 Qxb2 10. Na4 Qa3 11. Nxc5 Qxc5 12. Ne5 O-O 13. Nxc6 Qxc6 14. Qd3 Bd7
15. Rab1 Rac8 16. c4 dxc4 17. Qa3 Nd5 18. Bd6 Rfd8 19. e4 Nc7 20. e5 Nd5 21.
Qxa7 c3 22. Rfc1 b5 23. Rc2 Qc4 24. Rd1 Nb4 25. Rd4 Nxc2 26. Rxc4 Rxc4 27. Bf1
Rcc8 28. Be7 Ne1 29. Bxd8 c2 30. Qxd7 c1=Q 31. Bxb5 Nf3+ 32. Kg2 Nxe5 33. Qd6
Qe1 34. Bc7 Qe4+ 35. Kh3 Nf3 36. Qf4 Ng1+ 37. Kg4 Qg2 38. Bf1 Qxf1 39. h4 Rxc7
40. Qe4 Rc4 41. Kh5 Rxe4 42. g4 Kh7 43. a3 g6# {Hossa checkmated} 0-1

[Event "ICS rated standard match"]
[Site "204.178.125.65"]
[Date "2000.12.22"]
[Round "?"]
[White "diep"]
[Black "Hossa"]
[Result "1/2-1/2"]
[WhiteElo "2472"]
[BlackElo "2308"]
[PlyCount "88"]
[EventDate "2000.??.??"]

1. Nf3 d5 2. c4 e6 3. d4 dxc4 4. e3 b5 5. a4 c6 6. b3 cxb3 7. axb5 Qd5 8. Ra4
cxb5 9. Nc3 bxa4 10. Nxd5 exd5 11. Ne5 a6 12. Qd2 f6 13. Qa5 fxe5 14. Qxd5 Ra7
15. Qxe5+ Ne7 16. Be2 Nbc6 17. Bh5+ Kd8 18. Qd6+ Bd7 19. Kd1 Rb7 20. Bg4 Nf5
21. Qf4 g6 22. Bxf5 Bxf5 23. e4 b2 24. Bxb2 Rxb2 25. Qc1 Bg4+ 26. f3 a3 27.
fxg4 Nxd4 28. Qc4 Rb1+ 29. Kd2 Nb3+ 30. Kc2 Rxh1 31. Qd5+ Ke8 32. Qxb3 Bd6 33.
e5 Be7 34. e6 a2 35. Qxa2 Kf8 36. Qb2 Rg8 37. Qb7 Rf1 38. Qc8+ Kg7 39. Qd7 Rf2+
40. Kc3 Kf8 41. Qc8+ Kg7 42. Qd7 Kf8 43. Qc8+ Kg7 44. Qd7 Kf8 {
Game drawn by repetition} 1/2-1/2

[Event "ICS rated standard match"]
[Site "204.178.125.65"]
[Date "2000.12.22"]
[Round "?"]
[White "Hossa"]
[Black "diep"]
[Result "0-1"]
[WhiteElo "2315"]
[BlackElo "2465"]
[PlyCount "136"]
[EventDate "2000.??.??"]

1. e4 c5 2. Nf3 Nc6 3. d4 cxd4 4. Nxd4 Nf6 5. Nc3 e5 6. Ndb5 d6 7. Bg5 a6 8.
Na3 b5 9. Bxf6 gxf6 10. Nd5 Bg7 11. Bd3 Ne7 12. Nxe7 Qxe7 13. c3 f5 14. O-O O-O
15. Nc2 Rb8 16. exf5 e4 17. Re1 Bxf5 18. Nb4 a5 19. Nd5 Qe5 20. Bc2 Bg6 21. Rb1
Kh8 22. Qd2 b4 23. cxb4 Rfc8 24. Bb3 axb4 25. Nxb4 e3 26. Rxe3 Qd4 27. Nd3 Bh6
28. Rbe1 Bxe3 29. Rxe3 Re8 30. Rg3 Re7 31. h3 Rc8 32. Bc2 Rec7 33. Bd1 Rc1 34.
Kh2 Ra1 35. b3 Rb1 36. Be2 Qa1 37. Rg5 Rh1+ 38. Kg3 Bxd3 39. Bxd3 Rd1 40. Qe2
Rxd3+ 41. Kh2 Rd1 42. Qe7 h6 43. Rg4 Qe5+ 44. Qxe5+ dxe5 45. Rh4 Kh7 46. Rh5
Rc2 47. Rxe5 Rxf2 48. Re3 Rxa2 49. h4 Kg6 50. Rg3+ Kh5 51. Rg7 Rd4 52. Rxf7
Rxh4+ 53. Kg1 Rg4 54. Rf2 Rxf2 55. Kxf2 Rb4 56. Kf3 Rxb3+ 57. Kf4 Kg6 58. Ke5
h5 59. Kd4 h4 60. Ke4 Rg3 61. Kd4 Rxg2 62. Ke4 h3 63. Kf4 h2 64. Ke5 h1=Q 65.
Kd6 Qd1+ 66. Kc7 Rc2+ 67. Kb7 Qb1+ 68. Ka8 Ra2# {Hossa checkmated} 0-1

[Event "ICS rated blitz match"]
[Site "204.178.125.65"]
[Date "2000.12.22"]
[Round "?"]
[White "QuarkX"]
[Black "Hossa"]
[Result "0-1"]
[WhiteElo "2394"]
[BlackElo "2601"]
[PlyCount "84"]
[EventDate "2000.??.??"]

1. d4 Nf6 2. Nc3 d5 3. Bg5 Nc6 4. Nf3 h6 5. Bxf6 exf6 6. Qd2 Bf5 7. e3 Nb4 8.
Bb5+ c6 9. Ba4 b5 10. Bb3 Bd6 11. O-O a5 12. a4 bxa4 13. Nxa4 Na6 14. c4 O-O
15. c5 Bc7 16. Bc2 Bg4 17. Qd3 g6 18. Qe2 Nb4 19. Bb3 Qb8 20. h3 Bc8 21. Qd2
Bf5 22. Ra3 Be4 23. Bd1 Ra7 24. Nc3 Bf5 25. Bb3 Rb7 26. Nh4 Bd3 27. Rfa1 Ba6
28. e4 Bf4 29. Qd1 Nd3 30. Qc2 Re8 31. exd5 Rbe7 32. Nf3 Ne1 33. Qd1 Nxf3+ 34.
gxf3 Qc8 35. Kg2 Qf5 36. dxc6 Bc8 37. Kg1 Qxh3 38. Be6 Qh2+ 39. Kf1 Ba6+ 40.
Nb5 Bxb5+ 41. Qd3 Qh1+ 42. Ke2 Rxe6# {QuarkX checkmated} 0-1

[Event "ICS rated blitz match"]
[Site "204.178.125.65"]
[Date "2000.12.22"]
[Round "?"]
[White "Hossa"]
[Black "kickinnuts"]
[Result "1-0"]
[WhiteElo "2620"]
[BlackElo "2104"]
[PlyCount "31"]
[EventDate "2000.??.??"]

1. e4 c5 2. Nf3 Nc6 3. d4 cxd4 4. Nxd4 e5 5. Nb5 a6 6. Nd6+ Bxd6 7. Qxd6 Qf6 8.
Qxf6 Nxf6 9. Nc3 O-O 10. Be3 b5 11. Bc5 Re8 12. Nd5 Nxd5 13. exd5 Nd4 14. O-O-O
Nf5 15. Bd3 d6 16. Bxf5 {kickinnuts resigns} 1-0

[Event "ICS rated standard match"]
[Site "204.178.125.65"]
[Date "2000.12.22"]
[Round "?"]
[White "Rapace"]
[Black "Hossa"]
[Result "0-1"]
[WhiteElo "1933"]
[BlackElo "2306"]
[PlyCount "38"]
[EventDate "2000.??.??"]

1. e4 c5 2. Nf3 d6 3. d4 cxd4 4. Nxd4 e5 5. Nb3 Nf6 6. Nc3 Nc6 7. Bd3 Be7 8.
O-O O-O 9. f4 Nb4 10. f5 d5 11. a3 Qb6+ 12. Kh1 Nxd3 13. cxd3 d4 14. Na4 Qa6
15. Nbc5 Qb5 16. b4 b6 17. Ne6 fxe6 18. Qb3 Nxe4 19. dxe4 Qxf1# {
Rapace checkmated} 0-1

[Event "ICS rated standard match"]
[Site "204.178.125.65"]
[Date "2000.12.22"]
[Round "?"]
[White "Hossa"]
[Black "Rapace"]
[Result "1-0"]
[WhiteElo "2309"]
[BlackElo "1930"]
[PlyCount "49"]
[EventDate "2000.??.??"]

1. e4 d6 2. d4 Nf6 3. Nc3 g6 4. f4 Bg7 5. Nf3 Na6 6. e5 Nd7 7. Be3 O-O 8. Bb5
c6 9. Bxa6 bxa6 10. O-O Rb8 11. b3 Bb7 12. Ng5 Qc7 13. e6 Nf6 14. exf7+ Rxf7
15. Nxf7 Kxf7 16. f5 c5 17. dxc5 Ne4 18. Nxe4 Bxe4 19. fxg6+ Kg8 20. gxh7+ Kh8
21. cxd6 exd6 22. Rc1 Qb7 23. Qxd6 Bxg2 24. Rf7 Bh1 25. Rxb7 {Rapace resigns}
1-0

[Event "ICS rated standard match"]
[Site "204.178.125.65"]
[Date "2000.12.22"]
[Round "?"]
[White "ET2000"]
[Black "Hossa"]
[Result "1-0"]
[WhiteElo "2668"]
[BlackElo "2312"]
[PlyCount "143"]
[EventDate "2000.??.??"]

1. e4 c5 2. Nf3 d6 3. Nc3 Nc6 4. d4 cxd4 5. Nxd4 e5 6. Nb3 Nf6 7. Be2 Be7 8.
O-O Be6 9. Bg5 O-O 10. Be3 d5 11. exd5 Nxd5 12. Nxd5 Bxd5 13. c4 Be4 14. Nc5
Bxc5 15. Bxc5 Re8 16. Re1 Qg5 17. Bf3 Red8 18. Qe2 Bxf3 19. Qxf3 e4 20. Qe3 Qh5
21. b3 Rd7 22. Rab1 f5 23. Qe2 Qxe2 24. Rxe2 b6 25. Be3 Ne5 26. Kf1 h6 27. Rd2
Nd3 28. Rbd1 g5 29. f3 Rad8 30. fxe4 fxe4 31. g3 Rf7+ 32. Ke2 Kg7 33. c5 bxc5
34. Bxc5 Rdd7 35. Be3 Rc7 36. Bd4+ Kg6 37. Ke3 Rce7 38. Rc2 Nb4 39. Rc5 Rf3+
40. Ke2 Rd3 41. a3 Rxd1 42. Kxd1 Rd7 43. Rc4 Nd5 44. Ke2 Kf5 45. Ra4 Nb6 46.
Ra5+ Kg4 47. Ke3 Kh3 48. Kxe4 Kxh2 49. Be5 Rf7 50. Ra6 Rb7 51. Kf5 Kh3 52. a4
Kg2 53. g4 Kf3 54. Bd4 Kg3 55. Bc5 Kf3 56. b4 Kg3 57. a5 Nd7 58. Rxa7 Nxc5 59.
Rxb7 Nxb7 60. Ke5 Kxg4 61. a6 Nd8 62. b5 Kg3 63. a7 h5 64. a8=Q Nf7+ 65. Ke6 g4
66. Kxf7 h4 67. b6 Kf2 68. b7 Ke3 69. b8=Q Kd2 70. Qe4 Kc1 71. Qe1+ Kc2 72.
Qbb1# {Hossa checkmated} 1-0

[Event "ICS Rated blitz match"]
[Site "204.178.125.65"]
[Date "2000.12.22"]
[Round "?"]
[White "K-Asrian"]
[Black "Hossa"]
[Result "1/2-1/2"]
[WhiteElo "2522"]
[BlackElo "2622"]
[PlyCount "146"]
[EventDate "2000.??.??"]

1. e4 c5 2. Nf3 d6 3. d4 cxd4 4. Nxd4 e5 5. Nf3 Nf6 6. Nc3 Nc6 7. Be2 Be7 8.
O-O O-O 9. Bg5 Be6 10. Bxf6 Bxf6 11. Nd5 Be7 12. c3 f5 13. exf5 Rxf5 14. Bc4
Qd7 15. Nxe7+ Nxe7 16. Bxe6+ Qxe6 17. Re1 Nc6 18. b4 a6 19. a4 d5 20. b5 Ne7
21. Nd4 Qg6 22. Nxf5 Qxf5 23. Qb1 Qf6 24. bxa6 bxa6 25. Ra2 Rc8 26. Rae2 e4 27.
Qb7 Rxc3 28. Rb2 Rc6 29. Qa8+ Nc8 30. Rb8 Qe6 31. Qb7 Kh8 32. h3 Kg8 33. Qb4
Rc2 34. Qb3 Rc4 35. a5 Qf5 36. Qe3 Qd7 37. Rc1 Qc7 38. Rxc4 Qxb8 39. Rc1 Ne7
40. Qb6 Qf4 41. Rd1 Qf6 42. Qxf6 gxf6 43. Rb1 Nc6 44. Rb6 Nxa5 45. Rxf6 Nb3 46.
Rxa6 Kg7 47. Rb6 Nc1 48. Kf1 Nd3 49. Rd6 Nb4 50. Ke2 Nd3 51. Ke3 Nb4 52. Kd4
Nc2+ 53. Kxd5 e3 54. fxe3 Nxe3+ 55. Ke4 Nxg2 56. Kf3 Nh4+ 57. Kg4 Ng6 58. h4
Ne5+ 59. Kf5 Nc4 60. Rd7+ Kh6 61. Kf4 Kg6 62. Rd4 Na3 63. Rd6+ Kh5 64. Kg3 Nc4
65. Rd5+ Kg6 66. h5+ Kh6 67. Rd7 Kxh5 68. Rxh7+ Kg6 69. Rc7 Ne3 70. Rc3 Nd5 71.
Rc6+ Kf5 72. Rc5 Ke5 73. Rxd5+ Kxd5 {
Game drawn because neither player has mating material} 1/2-1/2

[Event "ICS rated blitz match"]
[Site "204.178.125.65"]
[Date "2000.12.22"]
[Round "?"]
[White "Hossa"]
[Black "cmslim"]
[Result "0-1"]
[WhiteElo "2604"]
[BlackElo "2731"]
[PlyCount "82"]
[EventDate "2000.??.??"]

1. d4 Nf6 2. Nf3 e6 3. c4 b6 4. Nc3 Bb4 5. e3 c5 6. a3 Bxc3+ 7. bxc3 Bb7 8. a4
d6 9. Ba3 Nbd7 10. Bd3 e5 11. Bf5 g6 12. Bh3 Ne4 13. Qc2 f5 14. O-O O-O 15. d5
Ba6 16. Qd3 Nxf2 17. Rxf2 e4 18. Qf1 exf3 19. Rxf3 Ne5 20. Rf2 Qe7 21. Qe2 Bxc4
22. Qd2 Nd3 23. Rff1 Rae8 24. Rf3 Qe4 25. Rd1 g5 26. Rg3 g4 27. a5 bxa5 28. Rb1
h5 29. Rf1 h4 30. Rxf5 hxg3 31. Rg5+ Kh7 32. hxg3 Nf2 33. Rh5+ Kg6 34. Rh4
Nxh3+ 35. Kh2 Rf2 36. Rxg4+ Qxg4 37. Qe1 Qe4 38. Qxf2 Nxf2 39. g4 Bxd5 40. Kg3
Qxg2+ 41. Kh4 Qxg4# {Hossa checkmated} 0-1

[Event "ICS Rated standard match"]
[Site "204.178.125.65"]
[Date "2000.12.22"]
[Round "?"]
[White "Hossa"]
[Black "BrazilianMaster"]
[Result "1-0"]
[WhiteElo "2308"]
[BlackElo "2570"]
[PlyCount "58"]
[EventDate "2000.??.??"]

1. d4 Nf6 2. Nc3 d5 3. Bf4 Bf5 4. e3 e6 5. Bd3 Bxd3 6. Qxd3 Nc6 7. O-O-O Bd6 8.
Nh3 O-O 9. Qd2 a5 10. f3 a4 11. Bxd6 cxd6 12. Nf4 a3 13. b3 Qc7 14. Nb5 Qb6 15.
Nc3 Nb4 16. Kb1 Rfc8 17. Rc1 Qa5 18. Nce2 Qb5 19. c3 Nc6 20. g4 h6 21. Nd3 e5
22. h4 e4 23. fxe4 Nxe4 24. Qc2 Ne7 25. Rhf1 Qd7 26. Rg1 Rc7 27. Ndf4 Rxc3 28.
Nxc3 Rc8 29. Qd3 Rxc3 {BrazilianMaster resigns} 1-0

[Event "ICS rated standard match"]
[Site "204.178.125.65"]
[Date "2000.12.23"]
[Round "?"]
[White "BrazilianMaster"]
[Black "Hossa"]
[Result "1-0"]
[WhiteElo "2544"]
[BlackElo "2334"]
[PlyCount "121"]
[EventDate "2000.??.??"]

1. e4 c5 2. Nf3 d6 3. d4 cxd4 4. Nxd4 e5 5. Nb3 Nf6 6. Nc3 Nc6 7. Be2 Be7 8.
O-O Be6 9. Bg5 O-O 10. Bxf6 Bxf6 11. Nd5 Bg5 12. Qd3 f5 13. Bf3 Qd7 14. Rad1 g6
15. c4 Qf7 16. exf5 Bxf5 17. Be4 Bg4 18. f3 Be6 19. c5 dxc5 20. Nxc5 Rad8 21.
Nxe6 Qxe6 22. Qc4 Rf7 23. Nb6 Qe8 24. Na4 Rxd1 25. Rxd1 Na5 26. Qb4 Nc6 27. Qe1
Nd4 28. Nc3 Re7 29. Qg3 Be3+ 30. Kh1 Bf4 31. Qh4 Qf8 32. Nd5 Rf7 33. Nxf4 Rxf4
34. Qe1 Qc5 35. Rc1 Qb5 36. a4 Qd7 37. Qa5 Rf7 38. Bd5 Ne6 39. Bb3 Kg7 40.
Qxe5+ Rf6 41. Bd5 h5 42. h4 Qe7 43. Re1 Kf7 44. g4 Kg8 45. Bxe6+ Kf8 46. g5
Rxe6 47. Qxe6 Qxe6 48. Rxe6 Kf7 49. Rf6+ Kg7 50. b4 Kg8 51. Rxg6+ Kf7 52. Rd6
Kg7 53. Rd7+ Kf8 54. Rxb7 a6 55. b5 a5 56. f4 Ke8 57. g6 Kf8 58. Rf7+ Ke8 59.
b6 Kd8 60. b7 Ke8 61. b8=Q# {Hossa checkmated} 1-0

[Event "ICS rated standard match"]
[Site "204.178.125.65"]
[Date "2000.12.23"]
[Round "?"]
[White "Hossa"]
[Black "BrazilianMaster"]
[Result "0-1"]
[WhiteElo "2327"]
[BlackElo "2551"]
[PlyCount "108"]
[EventDate "2000.??.??"]

1. d4 Nf6 2. Nf3 g6 3. c4 Bg7 4. Nc3 O-O 5. e4 d6 6. Be2 e5 7. dxe5 dxe5 8. Bg5
Nbd7 9. O-O c6 10. Qd6 Re8 11. Rfd1 h6 12. Bh4 Qb6 13. Qd2 g5 14. Bg3 Nc5 15.
Qc2 Nh5 16. Bxe5 Bxe5 17. Nxe5 Rxe5 18. Bxh5 g4 19. Rd6 Rxh5 20. Nd5 cxd5 21.
Rxb6 axb6 22. exd5 Bd7 23. b4 Na6 24. Qd2 b5 25. c5 Nc7 26. d6 Nd5 27. Re1 Rf5
28. Re4 Nf6 29. Re2 Rd5 30. Qc1 Rd3 31. g3 Kg7 32. Qb1 Rda3 33. Rd2 Nh7 34. Kf1
Ng5 35. f4 gxf3 36. h4 Nh3 37. Qa1+ Kg8 38. Qf6 Re8 39. Qxh6 Rae3 40. Qxe3 Rxe3
41. Rh2 Bf5 42. Rxh3 Bxh3+ 43. Kf2 Ra3 44. c6 bxc6 45. h5 Bg4 46. d7 Bxd7 47.
g4 Bxg4 48. Kg3 Rxa2 49. Kxg4 f2 50. Kf5 f1=Q+ 51. Ke5 Rd2 52. Ke4 Re2+ 53. Kd4
Qf2+ 54. Kc3 Qe3# {Hossa checkmated} 0-1

[Event "ICS rated blitz match"]
[Site "204.178.125.65"]
[Date "2000.12.23"]
[Round "?"]
[White "Hossa"]
[Black "Obente"]
[Result "1-0"]
[WhiteElo "2595"]
[BlackElo "1946"]
[PlyCount "42"]
[EventDate "2000.??.??"]

1. e4 e5 2. Nf3 Nc6 3. Bb5 Nf6 4. O-O Nxe4 5. d4 Nd6 6. Bxc6 dxc6 7. dxe5 Nf5
8. Qxd8+ Kxd8 9. Nc3 Be6 10. g4 Nh6 11. Bxh6 gxh6 12. h3 Be7 13. Nd4 Ke8 14.
Nxe6 fxe6 15. f4 Rd8 16. Rad1 Bc5+ 17. Kh2 Rd4 18. Rxd4 Bxd4 19. Ne2 Bxb2 20.
Rb1 Ba3 21. Rxb7 Bc5 {Obente resigns} 1-0

[Event "ICS rated blitz match"]
[Site "204.178.125.65"]
[Date "2000.12.23"]
[Round "?"]
[White "Obente"]
[Black "Hossa"]
[Result "0-1"]
[WhiteElo "1945"]
[BlackElo "2596"]
[PlyCount "58"]
[EventDate "2000.??.??"]

1. d4 Nf6 2. Nf3 g6 3. Bf4 Bg7 4. e3 O-O 5. h3 d6 6. Be2 Nh5 7. Bh2 c5 8. O-O
cxd4 9. exd4 Qb6 10. Nbd2 Qxb2 11. Nc4 Qb4 12. c3 Qb5 13. Nxd6 Qa5 14. Nc4 Qd8
15. Qb3 Bh6 16. Rad1 Nf4 17. Bxf4 Bxf4 18. Nce5 Nc6 19. Nxc6 bxc6 20. c4 Rb8
21. Qc3 Qb6 22. Rb1 Qxb1 23. Rxb1 Rxb1+ 24. Ne1 Be6 25. Kf1 Rfb8 26. g4 R8b2
27. Bd3 Bd2 28. Qxd2 Rxd2 29. Bxb1 Bxc4+ {Obente resigns} 0-1